[Event "Verona op"]
[Site "Verona"]
[Date "2000.01.04"]
[Round "4"]
[White "Tyomkin, Dimitri"]
[Black "Miladinovic, Igor"]
[Result "1/2-1/2"]
[WhiteElo "2516"]
[BlackElo "2538"]
[Annotator "Tyomkin,D"]
[PlyCount "23"]
[EventDate "2000.01.??"]
[EventType "swiss"]
[EventRounds "7"]
[EventCountry "ITA"]
[EventCategory "7"]
[SourceTitle "CBM 075"]
[Source "ChessBase"]
[SourceDate "2000.04.05"]
[SourceVersion "1"]
[SourceVersionDate "2000.04.05"]
[SourceQuality "1"]

{This game has just 12 moves, but sometimes in 12 moves you have more chess
contents, than in 50 moves game. I have not a great knowledge of the opening
of this game, but after few hours of analyses with expert of this opening,
Igor Miladinovic, I understood few things about this opening, and will try to
let you know about few secrets in my notes.} 1. d4 d5 2. c4 Nc6 {The Tchigorin
Defense is not such popular opening nowdays, but even strong players don't
know the clear way to get an advantage. Morozevich played this Defense for a
long time and reached fantastic performance. Nowdays the strongest player, who
uses this Defense permanently is GM igor Miladinovic, as well as his wife WGM
Botsari. I had few hours to make an opening preparation for thais game, but as
you may see later, didn't find a solution for this tricky opening.} 3. cxd5
Qxd5 4. e3 e5 5. Nc3 Bb4 6. Bd2 Bxc3 {Here white has a difficult choice
between two almost equivalent captures on-c3. I checked more than 100 games in
this position, and got a conclusion that 7.Bxc3 doesn't give many chances for
white to reach an advantage.} 7. bxc3 ({About 50 games was played in this line
according my database, but the most importent game, inmy oppinion, was played
by Miladinovic,with black,against Flear. Also his comments in Chess Informant
to this game could be very important.} 7. Bxc3 {Miladinovic,I} exd4 8. Ne2 Nf6
9. Nxd4 O-O 10. Nb5 (10. Qb3 Nxd4 11. Bxd4 Qxb3 12. axb3 Nd5 $11) (10. Nxc6
Qxc6 11. Qd4 $145 (11. Rc1 Re8 $11) 11... Bg4 12. Qc4 $14 {Atalik,S}) 10... Qg5
11. Nxc7 (11. h4 $5 $146 {Tyomkin,D The nice try of Baburin to improve whites
play in this variation also doesn't lead to clarity.I think this line has no
future too.} Qg6 12. h5 Qg5 13. h6 Rd8 14. Qa4 Ng4 15. Be2 Nxh6 16. Nxc7 Qxg2
$132 {1/2-1/2 Baburin,A-Comp Rebel Century/Internet (ICC) 1999 (65)}) 11... Bg4
12. Qb3 Rad8 13. h3 $6 $146 {0-1 Flear,G-Miladinovic,I/Ano Liosia 74/383 1999/
Inf 74/[Miladinovic,I] (40)} (13. Qxb7 {Miladinovic,I} Rd6 $145 $44 (13... Qc5
$6 14. Na6 $5 $16 (14. Bb5) (14. h3 $16)))) 7... Nf6 8. f3 e4 $1 {[%mdl 4] It
was already surprise for me. And, as I understood after this game, it is best
move for black. The other moves are 8...Qd6 8...0-0 and 8...exd4, but in all
cases white gains control over e4-square by playing e3-e4(after 8...0-0) by
itself or just Bd3(after 8... Qd6).} (8... Qd6 9. Bd3 O-O 10. Ne2 Re8 11. O-O
b6 12. Qc2 Be6 13. Rad1 Rad8 14. Kh1 $14 {White has very strong pawn center. 1/
2-1/2 Van der Sterren,P-Piket,J/Amsterdam NED 1999 (41)}) 9. c4 ({In this line
white still suffers from his backwardness of development.} 9. f4 O-O 10. c4 Qd6
(10... Qf5 11. Ne2 Re8 12. Rb1 a6 13. Ng3 Qg6 14. Be2 b6 15. O-O Ne7 16. a4 $14
{1-0 Tukmakov,V-Horn,P/Zuerich 1995/EXT 98 (89)}) 11. Qb3 a5 {[%cal Gc6b4]} 12.
a3 Re8 13. Ne2 Bd7 {[%cal Ga5a4,Yc6a5,Yd7a4]} (13... Bg4 14. Bc3 Ne7 15. Ng3 h5
16. h3 Bd7 17. d5 $14 {1-0 Giorgadze,G-Ginsburg,G/Bad Zwesten 1997/CBM 57 ext 
(36)}) 14. Bc3 a4 15. Qc2 Na5 16. Nc1 b6 17. Be2 Ng4 $11 {1/2-1/2 Hoang Than
Trang-Botsari Miladinovic,A/Elista 1998/CBM 66 ext (25)}) 9... Qd6 10. Ne2 $5
$146 (10. fxe4 $6 Nxe4 11. Bd3 Bf5 12. Bxe4 Bxe4 $15 {0-1 Szeberenyi,A-Antal,G/
Budapest 1999/CBM 71 ext (32)}) (10. f4 {-9.f4}) 10... O-O 11. Ng3 (11. f4 Nb4
(11... Re8 12. Ng3 {-11.Ng3} (12. Nc3 Nxd4 $1 13. exd4 e3 $17 {[%cal Gd6f4]}))
12. Ng3 a5 (12... Nd3+ 13. Bxd3 exd3 14. Qb3 {[%csl Rd3]}) 13. Qb1 $1 $14 {
[%cal Yb1d3,Ga2a3]}) 11... Re8 ({It was the way for black to open the position,
trying to use his advantage in development, but in this case white can hold
his king in the center for a while.} 11... exf3 12. gxf3 Re8 13. Be2 (13. d5
Ne5 14. e4 Qa3 15. Be2 Bh3 16. Rb1 $1 (16. Rg1 $2 Qc5 {[%csl Rg1]}) 16... Bg2
$140 17. Rb3 {[%cal Gh1g1]}) 13... Bh3 14. d5 $14 (14. Rb1 $14)) 12. f4 {
Such strange, that this move leads to the equal ending almost on force. I made
a draw offer, seeing that my opponent should decide between unclear piece
sacrifice and some other move. In both cases I wasn't sure in my position.
Igor thought about 1 hour and accept draw because of the following ending:} (
12. f4 Nxd4 $1 (12... h5 $5 13. Nxh5 Nxh5 14. Qxh5 Nxd4 15. exd4 Qxd4 16. Rc1
e3 17. Bc3 Qxf4 18. Qf3 $18) 13. Bc3 $1 (13. exd4 {Acceptance of the sacrifice
leads to the very dangerous attack of black:} Qxd4 14. Bb4 Qe3+ $36) 13... Nf5
14. Qxd6 (14. Nxf5 Qxd1+ 15. Rxd1 Bxf5 16. Bxf6 gxf6 17. g4 Bc8 18. f5 b6 $15)
14... cxd6 (14... Nxd6 15. Bxf6 gxf6 16. Nh5 Re6 17. g4 {[%cal Rf4f5]} Ne8 18.
O-O-O $44 {[%csl Re4][%cal Gd1d8]} (18. f5 $5 $44)) 15. Nxf5 Bxf5 16. Bxf6 gxf6
17. g4 Bd7 18. Rd1 Rad8 19. Rxd6 Bxg4 20. Rxd8 Rxd8 21. Rg1 Rd1+ $11 {This way
the game could be finished, in case of cancel of my draw offer by my opponent.}
) (12. Be2 $5 exf3 {-11...exf3}) 1/2-1/2